<?xml version="1.0" encoding="UTF-8"?>
<record
    xmlns:xsi="http://www.w3.org/2001/XMLSchema-instance"
    xsi:schemaLocation="http://www.loc.gov/MARC21/slim http://www.loc.gov/standards/marcxml/schema/MARC21slim.xsd"
    xmlns="http://www.loc.gov/MARC21/slim">

  <leader>02259nam a2200277uu 4500</leader>
  <controlfield tag="001">1052109</controlfield>
  <controlfield tag="005">20260507082429.0</controlfield>
  <controlfield tag="007">cr|||||||</controlfield>
  <controlfield tag="008">071016e20070130                    spa  </controlfield>
  <datafield tag="035" ind1=" " ind2=" ">
    <subfield code="a">1052109</subfield>
  </datafield>
  <datafield tag="040" ind1=" " ind2=" ">
    <subfield code="c">comduadb</subfield>
  </datafield>
  <datafield tag="041" ind1=" " ind2=" ">
    <subfield code="a">spa</subfield>
  </datafield>
  <datafield tag="080" ind1=" " ind2=" ">
    <subfield code="a">PMC</subfield>
  </datafield>
  <datafield tag="100" ind1="1" ind2="0">
    <subfield code="a">Giraldo Velarde, Sergio Alonso</subfield>
    <subfield code="4">aut</subfield>
    <subfield code="e">aut</subfield>
    <subfield code="9">591803</subfield>
  </datafield>
  <datafield tag="245" ind1="1" ind2="0">
    <subfield code="a">Dise&#xF1;o de sistema de captaci&#xF3;n de material articulado &#xE1;rea de dise&#xF1;o</subfield>
  </datafield>
  <datafield tag="260" ind1=" " ind2=" ">
    <subfield code="a">Medell&#xED;n :</subfield>
    <subfield code="b">[sin publicador],</subfield>
    <subfield code="c">2007.</subfield>
  </datafield>
  <datafield tag="300" ind1=" " ind2=" ">
    <subfield code="a">61 p&#xE1;ginas</subfield>
  </datafield>
  <datafield tag="520" ind1="3" ind2=" ">
    <subfield code="a">Los sistemas de captaci&#xF3;n de material particulado, son equipos que atrapan la suciedad que lleva el aire en un sistema de transporte, esto con el fin de reducir la exposici&#xF3;n de las personas a los contaminantes que se originan en los procesos industriales. El proyecto principal en el transcurso de la pr&#xE1;ctica en la empresa Vibracol Ltda. Fue el dise&#xF1;o y producci&#xF3;n de un horno de incineraci&#xF3;n de residuos hospitalarios, el cual se instalara en el municipio de Ciudad Bol&#xED;var, con el prop&#xF3;sito de generar una nueva alternativa, para deshacerse de los residuos patol&#xF3;gicos generados en el suroeste de Antioquia.  Este se est&#xE1; realizando siguiendo toda la normatividad del caso seg&#xFA;n la resoluci&#xF3;n n&#xFA;mero 0886 de 2004 del ministerio de ambiente, vivienda y desarrollo territorial.  En este informe se da una breve rese&#xF1;a de los sistemas que componen este horno, y se realiza una profundizaci&#xF3;n en el &#xE1;rea de captaci&#xF3;n del material particulado, que en este caso ser&#xE1;n dos componentes que son: el multicicl&#xF3;n y el colector de mangas o filtro de mangas, donde se da conocer la forma efectiva y sencilla de dise&#xF1;ar y calcular estos componentes. Otra parte fundamental de la pr&#xE1;ctica fue el dise&#xF1;o de un sistema de captaci&#xF3;n de polvo en la empresa col cer&#xE1;mica donde en esta secci&#xF3;n se dan pautas para un f&#xE1;cil y efectivo dise&#xF1;o de un sistema de extracci&#xF3;n de polvo utilizando un software de f&#xE1;cil manejo llamado heavent.</subfield>
  </datafield>
  <datafield tag="650" ind1=" " ind2=" ">
    <subfield code="a">Control ambiental</subfield>
    <subfield code="9">318</subfield>
  </datafield>
  <datafield tag="650" ind1=" " ind2=" ">
    <subfield code="a">Sistema de captaci&#xF3;n de material particulado</subfield>
    <subfield code="9">165578</subfield>
  </datafield>
  <datafield tag="650" ind1=" " ind2=" ">
    <subfield code="a">Hornos de incineraci&#xF3;n de residuos</subfield>
    <subfield code="9">165579</subfield>
  </datafield>
  <datafield tag="700" ind1="1" ind2="0">
    <subfield code="a">Betancourt Henao, Hugo</subfield>
    <subfield code="4">ths</subfield>
    <subfield code="e">ths</subfield>
    <subfield code="9">414274</subfield>
  </datafield>
  <datafield tag="942" ind1=" " ind2=" ">
    <subfield code="c">TESIS</subfield>
  </datafield>
  <datafield tag="999" ind1=" " ind2=" ">
    <subfield code="c">439706</subfield>
    <subfield code="d">439706</subfield>
  </datafield>
  <datafield tag="502" ind1=" " ind2=" ">
    <subfield code="b">176</subfield>
    <subfield code="c">17</subfield>
  </datafield>
  <datafield tag="526" ind1=" " ind2=" ">
    <subfield code="a">178</subfield>
  </datafield>
  <datafield tag="952" ind1=" " ind2=" ">
    <subfield code="0">0</subfield>
    <subfield code="1">0</subfield>
    <subfield code="4">0</subfield>
    <subfield code="7">0</subfield>
    <subfield code="8">TESELEC</subfield>
    <subfield code="a">CENDI</subfield>
    <subfield code="b">CENDI</subfield>
    <subfield code="d">2007-10-16</subfield>
    <subfield code="i">C968525</subfield>
    <subfield code="l">0</subfield>
    <subfield code="o">PMC 03792</subfield>
    <subfield code="r">2023-04-27 00:00:00</subfield>
    <subfield code="t">1</subfield>
    <subfield code="w">2023-04-27</subfield>
    <subfield code="y">INTER</subfield>
  </datafield>
</record>
